Medaliści Copa America - Statystyki

Ogólne statystyki
  • Ten quiz został rozwiązany 69 razy
  • Średni wynik to 7 z 10
Statystyki odpowiedzi
Reprezentacja Mistrz Wicemistrz 3 Miejsce % Poprawnych
Argentyna 16 14 5
100%
Brazylia 9 12 7
95%
Urugwaj 15 6 9
95%
Paragwaj 2 6 7
82%
Chile 2 4 5
80%
Kolumbia 1 2 5
74%
Peru 2 1 8
70%
Boliwia 1 1 0
64%
Meksyk 0 2 3
38%
Honduras 0 0 1
11%
Nie znaleziono quizów pasujących do podanych kryteriów
Rozkład punktacji
Procent ludzi z każdym wynikiem
Percentyl według liczby udzielonych odpowiedzi
Twoja historia wyników
Nie rozwiązałeś tego quizu